| 000 | 00555nam a22001817a 4500 | ||
|---|---|---|---|
| 005 | 20251108164223.0 | ||
| 008 | 250721s1986 xx 000 0 ara d | ||
| 082 | 1 | 4 | _a840.9/كرو |
| 100 | 1 | _aكروكشانك، جون | |
| 245 | 1 | 0 | _aألبير كامي و أدب التمرد / |
| 264 | 1 |
_aالقاهرة : _bالهيئة المصرية العامة، _c1986. |
|
| 300 | _a307 ص | ||
| 650 | 1 | 7 | _aالأدب الفرنسي |
| 650 | 1 | 7 | _aالنقد الأدبي |
| 700 | 1 |
_aالعشري، جلال _eترجمة |
|
| 942 |
_2ddc _cBK |
||
| 999 |
_c6690 _d6690 |
||